These Jokes Make Us Sick! Quiz Stats

 Plays Quiz Updated Jan 9, 2014

Support Sporcle.
Go Orange.
Score 0/25 Timer 06:00
0 Plays Today
% Correct
No, you're just a little hoarse
89.8%
Let's hope nothing develops
88.3%
We must get to the core of this
87.9%
That's shocking
87.8%
Absolutely nothing
86.7%
You need more greens
85.2%
I'll deal with you later
84.7%
Sleep in another room then
84.3%
Forget about it
83.4%
I never make rash promises
82.2%
Of course, come back tomorrow
80.7%
Don't worry you'll soon change
80.5%
Have you tried taking the spoon out?
80.3%
% Correct
Sit
80%
Keep your chin up!
79.9%
Certainly, which way did you come in
78.4%
What's come over you?
76.7%
Don't worry it's just a gilt complex
76.5%
Next please
74%
Don't worry, I've got some cream for that
73.7%
Sit on the edge of the bed and you'll soon drop off
72.7%
Just be a little patient
71.8%
Stick your foot out and trip it up
70.2%
Poor sole
69.9%
It sounds like you're too tense
69.8%

From the Vault

Sporclin' Through the '80s III

by kfastic

This will either be a trip down memory lane, or you will have no idea who any of these people are.
Remove Ads.
Support Sporcle.
Get the best of Sporcle when you Go Orange. This ad-free experience offers more features, more stats, and more fun while also helping to support Sporcle. Thank you for becoming a member.

Show Comments

Extras

Top Quizzes Today


Score Distribution

Your Account Isn't Verified!

In order to create a playlist on Sporcle, you need to verify the email address you used during registration. Go to your Sporcle Settings to finish the process.

Report this User

Report this user for behavior that violates our Community Guidelines.

Details: